|
|
|
|
| LEADER |
00000nam a22000007a 4500 |
| 005 |
20220920010134.0 |
| 007 |
cr|||| |||| |
| 008 |
220920s2022 es |||||s|||| 00||0 spa d |
| 020 |
|
|
|a 978-84-1122-309-6
|
| 035 |
|
|
|a 37091
|
| 040 |
|
|
|a vLex
|
| 090 |
|
|
|c 13963
|d 13963
|
| 100 |
1 |
|
|a Přez de la Fuente, Oscar
|
| 245 |
1 |
0 |
|a Inflacin̤ y deflacin̤ normativa
|h [Recurso electrn̤ico] /
|c Oscar Přez de la Fuente, J. Daniel Oliva Martn̕ez, Carlos Ramn̤ Fernǹdez Liesa
|
| 256 |
|
|
|a Servicio en ln̕ea
|
| 260 |
|
|
|a Madrid:
|b Dykinson,
|c 2022
|
| 300 |
|
|
|a 1 recurso electrn̤ico
|
| 500 |
|
|
|a Inflacin̤ y deflacin̤ normativa pretende abordar la temt̀ica de si se da una multiplicidad excesiva de normas o bien, hay escasez de štas. El verdadero problema, deca̕ Montesquieu, es que las leyes innecesarias debilitan las necesarias. La coleccin̤ Gregorio Peces-Barba est ̀especializada en publicar debates y monografa̕s breves sobre conceptos y cuestiones jurd̕icas fundamentales del Derecho. Es una coleccin̤ impulsada desde el Departamento de Derecho Internacional, Eclesis̀tico y Filosofa̕ del Derecho de la Universidad Carlos 111 de Madrid. Esta obra est ̀dentro del Proyecto 'Nuevos desafo̕s del derecho'. Accin̤ financiada por la Comunidad de Madrid a travš de la ln̕ea de "Excelencia del Profesorado Universitario" del Convenio Plurianual con la UC3M (EPUC3M06), en el marco del V PRICIT (V Plan Regional de Investigacin̤ Cientf̕ica e Innovacin̤ Tecnolg̤ica)".
|
| 506 |
1 |
|
|a Disponible solo en los productos indicados
|d vLex Global
|d vLex Global (Academic Edition, excluding Law Schools)
|d vLex Global (U.S. Academic Edition, Law Schools)
|d vLex Global (U.S. Academic Edition, excluding Law Schools)
|d vLex Global (Academic Edition, Law Schools)
|
| 650 |
0 |
4 |
|a Derecho Militar
|z Espaą
|
| 650 |
0 |
4 |
|a Filosofa̕ y religin̤
|z Espaą
|
| 700 |
1 |
|
|a Oliva Martn̕ez, J. Daniel
|
| 700 |
1 |
|
|a Fernǹdez Liesa, Carlos Ramn̤
|
| 740 |
0 |
|
|a vLex Libros (Servicio en ln̕ea)
|
| 856 |
4 |
0 |
|u https://app.vlex.com/#/sources/37091
|z Acceso restringido
|
| 942 |
|
|
|c BOOK
|
| 999 |
0 |
|
|a Military Law
|
| 999 |
0 |
|
|a Philosophy and religion
|